Normal view
MARC view
- اليوسف، سمير
Entry Personal Name
001 - CONTROL NUMBER
- control field: 66835
003 - CONTROL NUMBER IDENTIFIER
- control field: JO-AjAnu
005 - DATE AND TIME OF LATEST TRANSACTION
- control field: 20251014131054.0
008 - FIXED-LENGTH DATA ELEMENTS
- fixed length control field: 251014|| aca||aabn | a|a d
040 ## - CATALOGING SOURCE
- Original cataloging agency: JO-AjAnu
100 ## - HEADING--PERSONAL NAME
- Personal name: اليوسف، سمير
- Relator term: معد